000 00495cam a22001934a 4500
005 20250605164303.0
008 250528s ||||||||||||||||||||||||d
035 _a22145
020 _a9789604699384
040 _aGR-AtMCL
_bgre
_dGR-AtMCL
_eAACR2
245 1 _aΤΟ ΕΓΚΛΗΜΑ ΤΟΥ ΣΙΛΒΕΣΤΡΟΥ ΜΠΟΝΑΡ
250 _a2
260 _bΤο Βημα,
_c2011
300 _a175
700 1 _aΦρανς Ανατολ
_98014
942 _cBK
999 _c7201
_d7201